000 00526nam a2200217Ia 4500
003 OSt
005 20220928143059.0
006 a|||||r|||| 00| 0
007 ta
008 220927b |||||||| |||| 00| 0 eng d
024 _a21069
037 _cTextual
040 _aSDCL
_cSDCL
_beng
041 _2eng
_aeng
082 _aP15,Cx1,1,6, L7
100 _aVradraj
_9504596
245 0 _aLaghushiddantkaumudi.
260 _c1977
942 _hP15,Cx1,1,6, L7
_cTEXL
_2CC
999 _c823131
_d823131